| 000 | 00831 a2200205 4500 | ||
|---|---|---|---|
| 020 | _a0792344766 | ||
| 020 | _a9780792344766 | ||
| 082 | _a519.3 | ||
| 090 |
_c942 _d942 |
||
| 100 | 1 | _aCuriel, Imma. | |
| 245 | 1 | 0 |
_aCooperative game theory and applications : _bcooperative games arising from combinatorial optimization problems / _cImma Curiel. |
| 260 |
_a[S.l.] : _bSpringer, _c1997. |
||
| 300 |
_a204 p. ; _c25 cm. |
||
| 490 | 1 | _aTheory and decision library c. | |
| 700 | _aCuriel, Imma. | ||
| 830 | 0 | _aTheory and decision library c. | |
| 942 |
_aSNS _cBK _k519.3 CUR |
||
| 999 |
_c29562 _d29562 |
||